00350nam a2200121 a 45000010005000000030005000050050017000100080041000270400020000681000022000882450098001102600020002082244CDMR20130116135226.0130130s1975||||||||||||||||||||||||||||d aCDMRbcatcCDMR1 aPol Girbal, Jaime13aLa prensa francesa y su evolución durante un cuarto de siglo (1935-1960)cJaime Pol Girblar aBarcelonac1975